| 000 | 00655nam a2200217 u 4500 | ||
|---|---|---|---|
| 005 | 20240524063643.0 | ||
| 008 | 120614s2004 r 000 0 eng d | ||
| 020 | _a8489804834 | ||
| 035 | _aUPN01000185095 | ||
| 049 | _aI | ||
| 050 | 4 |
_aPZ74.9 _bV4.37 |
|
| 100 | 1 |
_aVentura, Antonio, _d1954- _931811 |
|
| 245 | 1 | 3 |
_aLa espera / _cAntonio Ventura ; il. Federico Delicado. |
| 260 |
_aSalamanca, Esp. : _bLóguez, _c2004. |
||
| 300 |
_a[28] p. : _bprincipalmente il. col. |
||
| 650 | 4 |
_aLibros y lectura para niños _92290 |
|
| 650 | 4 |
_aImaginación en niños _912146 |
|
| 700 | 1 |
_aDelicado, Federico, _eil. |
|
| 905 | _aInfantil | ||
| 999 |
_c157198 _d157198 |
||